| 000 | 01034cab a2200253 4500 | ||
|---|---|---|---|
| 001 | X2444 | ||
| 008 | 090401t1995 xxu||||| |||| 00| 0 eng d | ||
| 035 | _a(Sirsi) u24289 | ||
| 041 | _aeng | ||
| 245 | _aCircuit Systems Ltd (in liquidation) and William James Basten v Suken-Redac (UK) Ltd (formerly Racal-Redac (UK) L | ||
| 260 | _c1995 | ||
| 350 | _a0 | ||
| 490 |
_aConstruction Law Journal _v(1995) CLJ 201-214(8) |
||
| 520 | _aHigh Court ORB 16 November 1994. Assignment - whether assignment of cause of action in breach of term of non-assignment in original contract - whether assignee had genuine commercial interest in outcome of litigation - assignment made for purposes of obtaining legal aid and avoiding security for costs - whether contrary to public policy. (Journal abstract.) | ||
| 650 | _aLEASE AGREEMENTS | ||
| 650 | _aLEGAL AID | ||
| 650 | _aSECURITY FOR COSTS | ||
| 650 | _aSHAM | ||
| 650 | _aSOFTWARE LICENCE AGREEMENT | ||
| 650 | _aSOFTWARE | ||
| 690 | _aLAW | ||
| 942 | _n0 | ||
| 948 | _c04/03/1997 | ||
| 999 |
_c16280 _d16280 |
||